00914nam a2200253Ia 4500003000400000005001700004008004100021020001800062040001800080041000800098082002000106100003500126245006900161250001100230260003700241300002900278650002800307650004200335650004300377700002600420942002900446999001900475952016600494OSt20260317114412.0210716s2010 xx 000 0 und d a9788184896619 cAIMIT LIBRARY aeng a511.3 21bKHOB aKhoussainov, Bakhadyr.9258802 aAutomata theory and its applications /cBy Bakhadyr Khoussainov. a1st ed aNew Delhi :bBirkhauser ,c2010. axiv,430p. ;bPBc23.3 cm aFinite automata9258803 aGames played on finite graphs9258804 aApplications of Rabin automata9258805 aNerode, Anil.9258806 2ddccBKe1stk511.3 KHOB c192830d192830 00102ddc40708MCAaAIMITbAIMITeAthulya Booksg495.00iBill no:ABK 577; Bill dt:2012-10l0o511.3 KHOBpMCA12338r2025-07-21 00:00:00v371.25w2021-07-16yBK